| 000 | 00953nam a22003017a 4500 | ||
|---|---|---|---|
| 001 | 9871 | ||
| 003 | FISKH | ||
| 005 | 20260310124258.0 | ||
| 008 | 260310b cb ||||| |||| 00| 0 eng d | ||
| 020 | _a0590368052 | ||
| 040 |
_aFISKH _beng _cFISKH _dFISKH |
||
| 050 | _aPZ7 .C21476 .L | ||
| 082 | _a428 | ||
| 100 | _aCarle , Eric | ||
| 245 |
_aLittle cloud / _cby Eric Carle |
||
| 250 | _aFirst Scholastic printing , September 1997 | ||
| 260 |
_aNew York : _bScholastic , _c1996 . |
||
| 300 |
_a30 unnumbered pages : _bcolor illustrations ; _c30 cm . |
||
| 505 | _aH | ||
| 520 | _aA little cloud becomes all sorts of things--sheep, an airplane, trees, a hat--before joining other clouds and raining. | ||
| 521 | 8 |
_a450
_bLexile estimate |
|
| 521 | 8 |
_aH
_bRaz-Plus |
|
| 650 |
_aImagination _vPicture Books |
||
| 650 |
_aWeather _vPicture Books |
||
| 650 |
_aSpring _vPicture Books |
||
| 942 |
_2ddc _cBK _n0 |
||
| 999 |
_c9871 _d9871 |
||